Elements of power electronics (Record no. 3610)

000 -LEADER
fixed length control field 00769nam a2200241 a 4500
001 - CONTROL NUMBER
control field 3610
003 - CONTROL NUMBER IDENTIFIER
control field BD-DhUET
008 - FIXED-LENGTH DATA ELEMENTS--GENERAL INFORMATION
fixed length control field 050303s1998 nyua sb 001 0 eng d
020 ## - INTERNATIONAL STANDARD BOOK NUMBER
International Standard Book Number 0195682025
040 ## - CATALOGING SOURCE
Original cataloging agency CtWfDGI
Transcribing agency CtWfDGI
Modifying agency BD-DhUET
082 ## - DEWEY DECIMAL CLASSIFICATION NUMBER
Classification number 623.17
Item number KRE/1998
100 1# - MAIN ENTRY--PERSONAL NAME
Personal name Krein, Philip T.,
245 10 - TITLE STATEMENT
Title Elements of power electronics
Statement of responsibility, etc. by Philip T. Krein.
250 ## - EDITION STATEMENT
Edition statement 1st ed.
260 ## - PUBLICATION, DISTRIBUTION, ETC. (IMPRINT)
Place of publication, distribution, etc. New York :
Name of publisher, distributor, etc. Oxford University Press,
Date of publication, distribution, etc. 1998
300 ## - PHYSICAL DESCRIPTION
Extent xviii,766p.
490 1# - SERIES STATEMENT
Series statement The Oxford series in electrical and computer engineering
500 ## - GENERAL NOTE
General note Title from title screen.
504 ## - BIBLIOGRAPHY, ETC. NOTE
Bibliography, etc Includes bibliographies
650 #0 - SUBJECT ADDED ENTRY--TOPICAL TERM
Topical term or geographic name as entry element Power electronics.
942 ## - ADDED ENTRY ELEMENTS (KOHA)
Koha item type General Book
856 40 - ELECTRONIC LOCATION AND ACCESS
Uniform Resource Identifier http://www.columbia.edu/cgi-bin/cul/resolve?clio6322950
Public note Click here for full text.
Holdings
Damaged status Koha normalized classification for sorting Lost status Koha date last borrowed Koha item type Koha issues (times borrowed) Not for loan Sublocation or collection (holding branch) Withdrawn status Price effective from Date acquired Copy number Koha full call number Shelving location Koha date last seen Location (home branch) Source of classification or shelving scheme Piece designation (barcode)
 623_000000000000000_17KRE1998 2018-04-17General Book1 Central Library, BUET 2014-11-022014-11-021623.17/KRE/1998Circulation section2018-05-14Central Library, BUET 101681